ELIGE TU PROPIA AVENTURA- Carolina Durante - Estadísticas

Estadísticas generales
  • Esta prueba ha sido intentada 37 veces
  • La puntuación promedio es 9 de 13
Estadísticas de respuestas
NOMBRE % Correcto
2. Normal
91%
6. Elige Tu Propia Aventura
88%
10. Hamburguesas
88%
13. Probablemente Tengas Razón
88%
7. Misil
85%
1. Joderse La Vida
82%
9. Monstruo
76%
8. Tempo 2
76%
12. Interludio
73%
11. Dios Plan
70%
4. San Juan
70%
5. Verdes, Césped
61%
3. TOMÉ UN CAFÉ
0%
No se encontraron pruebas coincidentes
Distribución de puntuación
Porcentaje de gente con cada puntuación
Porcentaje por número respondido
Historial de tus puntuaciones
No has intentado esta prueba.